000 00807nam a2200217Ia 4500
008 130821s1999 sp gs spa
020 _a8989763461
040 _aCo-BoUCM
_bspa
041 0 0 _aspa
092 _aCD 0082
110 _aFundación Histórica Tavera
245 0 4 _aLas raíces hispánicas del oeste de Norteamérica textos históricos
_cCompiladora Sylvia L. Hilton.
260 _aMadrid (España)
_bLa Fundación
_c1999
300 _a1 CD-ROM
490 _aColección Clásicos Tavera.
_v22
_aSerie II. Temáticas para la Historia de Iberoamérica
650 0 4 _aEspañoles
_zAmérica del norte
_xHistoria
_vCD-ROM
650 0 4 _aHistoria de América
_916931
651 _aAmérica del Norte
_xHistoria
_vCD-ROM
_926751
700 _aHilton, Sylvia L.
_Ecomp.
942 _cMULTIMEDIA
_2LOCAL
_a21
_e1
999 _c30744
_d30744